Loading...
| Fine Arts - Classical Music | 0 | 7 | 1 | 0 | 65 | 28 | 62.43 | 4 | 6 | 32.94 | 61.25 |
| Science - Chemistry | 0 | 4 | 1 | 2 | 35 | 56 | 85.00 | 0 | 1 | 5.58 | 22.50 |
| Science - Other | 0 | 4 | 1 | 1 | 35 | 42 | 79.50 | 1 | 1 | 11.95 | 17.68 |
| Science - Biology | 0 | 2 | 0 | 0 | 20 | 54 | 55.50 | 0 | 1 | 9.16 | 10.00 |
| Religion | 0 | 1 | 0 | 1 | 10 | 119 | 119.00 | 0 | 0 | 0.00 | 1.25 |
| Fine Arts - Painting and Sculpture | 0 | 1 | 0 | 0 | 10 | 114 | 114.00 | 0 | 0 | 0.00 | 2.50 |
| Literature - British | 0 | 1 | 0 | 1 | 10 | 121 | 121.00 | 0 | 0 | 0.00 | 0.83 |
| Fine Arts - Other | 0 | 1 | 1 | 1 | 5 | 99 | 99.00 | 0 | 0 | 0.00 | 1.25 |
| Science - Physics | 0 | 1 | 1 | 0 | 5 | 99 | 99.00 | 0 | 0 | 0.83 | 2.86 |